Nexes : atención a la soledad no deseada de personas mayores / atención a la soledad no deseada de personas mayores /

Publicat: Barcelona : Diputació de Barcelona , 2023
Descripció física: 1 díptic : il·lustracions color ; 21 x 15 cm
Idioma: Català , Espanyol

MARC

LEADER 00000nam a22000007a 4500
001 28625
003 AGDB
005 20260324181527.0
008 241113b spa||||| |||| 00| 0 cat d
017 |a B 20934-2023 
040 |a agdb  |b cat 
041 |a spa 
240 |a Nexes : atenció a la soledat no desitjada de persones grans  |l [castellà] 
245 |a Nexes :   |b atención a la soledad no deseada de personas mayores /  |c Diputació de Barcelona 
260 |a Barcelona :   |b Diputació de Barcelona ;   |c 2023 
300 |a 1 díptic :   |b il·lustracions color ;   |c 21 x 15 cm 
546 |a També en català (R. 28624). 
650 0 |a Solitud  |x Prevenció  |9 71719 
650 0 |a Persones grans  |x Psicologia  |9 71718 
650 0 |a Persones grans  |x Assistència institucional  |z Barcelona (Catalunya : Província)  |9 50382 
655 0 |a Fulletons  |9 55858 
710 |a Barcelona (Catalunya : Província).  |b Àrea de Sostenibilitat Social, Cicle de Vida i Comunitat  |9 70555 
942 |2 udc  |c ARXIU  |n 1 
952 |0 0  |1 0  |4 0  |6 FU7773  |7 1  |9 97538  |a Arxiu  |b Arxiu  |d 2024-11-13  |l 0  |o FU-77-73  |p 28625  |r 2024-11-13 00:00:00  |w 2024-11-13  |y ARXIU 
999 |c 129419  |d 129419